Quan dues intel·ligències es troben : Infants i ordinadors : Experiència sobre l'ús dels ordinadors dut a terme a les escoles bressol de Reggio Emilia / Gianna Immovilli, Marina Castagnetti, Elena Giacopini,... [et al] Infants i ordinadors :
Descripción Física:
47 p. ; 22 cm
Colección:
Temes d'infància ; 10
Otros Autores:
Immovilli, Gianna
Materias:
Infants i informàtica
MARC
| LEADER | 00000nam a2200000Ia 4500 | ||
|---|---|---|---|
| 001 | 8961 | ||
| 008 | 160829s1989 xx 000 0 cat d | ||
| 080 | |a FU-5-12 | ||
| 245 | |a Quan dues intel·ligències es troben : |b Infants i ordinadors : |b Experiència sobre l'ús dels ordinadors dut a terme a les escoles bressol de Reggio Emilia / Gianna Immovilli, Marina Castagnetti, Elena Giacopini,... [et al] | ||
| 260 | |a Barcelona : |b A.A.P.S.A. Rosa Sensat : |b Diputació de Barcelona, |c 1989 | ||
| 300 | |a 47 p. ; |c 22 cm | ||
| 490 | |a Temes d'infància ; 10 | ||
| 650 | |a Infants i informàtica |9 29179 | ||
| 700 | |a Immovilli, Gianna |9 29180 | ||
| 710 | 1 | |a Barcelona (Catalunya : Província). |b Diputació |9 52408 | |
| 710 | 2 | |a Rosa Sensat (Associació) |9 54183 | |
| 901 | |a Arxiu | ||
| 942 | |n 1 | ||
| 952 | |0 0 |1 0 |4 0 |6 FU512 |7 1 |9 45090 |a Arxiu |b Arxiu |d 2016-12-01 |l 0 |o FU-5-12 |p 8961 |r 2016-12-01 00:00:00 |w 2016-12-01 |y ARXIU | ||
| 999 | |c 47710 |d 47710 | ||